[Event "2. Azuqueca Chess Classic 2014"]
[Site "Azuqueca de Henares ESP"]
[Date "2014.09.20"]
[Round "8.6"]
[White "De la Orden Alcocer, Alejandro"]
[Black "Moreno Ibañez, Miguel"]
[Result "0-1"]
[WhiteElo "1950"]
[BlackElo "2212"]
[PlyCount "76"]
[EventDate "2014.09.13"]
[EventType "swiss"]
[EventRounds "9"]
[EventCountry "ESP"]
[Source "lmi"]
[SourceDate "2014.09.13"]

1. c4 b6 2. Nf3 Bb7 3. g3 Bxf3 4. exf3 c5 5. Nc3 Nc6 6. Bg2 g6 7. O-O Bg7 8. f4
e6 9. Ne4 Qc7 10. Qa4 Nge7 11. a3 O-O 12. Rb1 d5 13. cxd5 exd5 14. Ng5 Rab8 15.
d3 b5 16. Qd1 b4 17. Bd2 bxa3 18. bxa3 Rxb1 19. Qxb1 Rb8 20. Qa2 Rb2 21. Bxd5
Rxa2 22. Bxf7+ Kh8 23. Bxa2 h6 24. Ne6 Qd6 25. Bc4 Nd5 26. Re1 Bf6 27. Kg2 Nb6
28. Bb5 c4 29. a4 c3 30. Bc1 Nb4 31. Ba3 Qd5+ 32. Re4 a6 33. Nc7 Qb7 34. Bxb4
c2 35. Nxa6 c1=Q 36. Nc5 Qd5 37. Ne6 Nxa4 38. Bc4 Qcxc4 0-1

[Event "2. Azuqueca Chess Classic 2014"]
[Site "Azuqueca de Henares ESP"]
[Date "2014.09.21"]
[Round "9.1"]
[White "Stella, Andrea"]
[Black "Castellanos Rodriguez, Renier"]
[Result "1/2-1/2"]
[WhiteElo "2403"]
[BlackElo "2465"]
[PlyCount "26"]
[EventDate "2014.09.13"]
[EventType "swiss"]
[EventRounds "9"]
[EventCountry "ESP"]
[Source "lmi"]
[SourceDate "2014.09.13"]

1. e4 c5 2. Nf3 e6 3. c3 Nf6 4. e5 Nd5 5. d4 cxd4 6. cxd4 d6 7. Bc4 Be7 8. O-O
O-O 9. exd6 Qxd6 10. Nc3 Nxc3 11. bxc3 Nd7 12. Re1 b6 13. Ng5 Nf6 1/2-1/2

[Event "2. Azuqueca Chess Classic 2014"]
[Site "Azuqueca de Henares ESP"]
[Date "2014.09.21"]
[Round "9.2"]
[White "Valmaña Canto, Jaime"]
[Black "Iturrizaga Bonelli, Eduardo"]
[Result "1/2-1/2"]
[WhiteElo "2353"]
[BlackElo "2660"]
[PlyCount "22"]
[EventDate "2014.09.13"]
[EventType "swiss"]
[EventRounds "9"]
[EventCountry "ESP"]
[Source "lmi"]
[SourceDate "2014.09.13"]

1. e4 c5 2. Nf3 Nc6 3. Bb5 Na5 4. O-O a6 5. Be2 b5 6. Re1 Bb7 7. Bf1 e6 8. d4
cxd4 9. Nxd4 Nf6 10. e5 Nd5 11. Nd2 Be7 1/2-1/2

[Event "2. Azuqueca Chess Classic 2014"]
[Site "Azuqueca de Henares ESP"]
[Date "2014.09.21"]
[Round "9.3"]
[White "Perez Mitjans, Orelvis"]
[Black "Moreno Ruiz, Javier"]
[Result "1/2-1/2"]
[WhiteElo "2440"]
[BlackElo "2475"]
[PlyCount "82"]
[EventDate "2014.09.13"]
[EventType "swiss"]
[EventRounds "9"]
[EventCountry "ESP"]
[Source "lmi"]
[SourceDate "2014.09.13"]

1. e4 e6 2. d4 d5 3. Nc3 Bb4 4. e5 c5 5. a3 Bxc3+ 6. bxc3 Ne7 7. Nf3 Nbc6 8.
Bd3 Qa5 9. O-O c4 10. Be2 Qa4 11. Re1 Bd7 12. Bf1 O-O-O 13. g3 h6 14. h4 Kb8
15. Bh3 Ka8 16. Nh2 Nc8 17. Ng4 Nb6 18. Bd2 Rdf8 19. Bg2 Qa5 20. h5 Na4 21. Rb1
Qc7 22. Ne3 Ne7 23. Rb4 a5 24. Rb1 Bc6 25. Bh3 Rhg8 26. Ng2 Nc8 27. f4 Bd7 28.
Qf3 Ne7 29. Kh2 g6 30. Ne3 Nf5 31. hxg6 fxg6 32. Ng4 h5 33. Nf6 Rh8 34. Bxf5
gxf5 35. Kg2 Be8 36. Rh1 Qe7 37. Kf2 Bf7 38. Rb5 b6 39. Rbb1 Ka7 40. Qd1 Ka6
41. Qg1 Rb8 1/2-1/2

[Event "2. Azuqueca Chess Classic 2014"]
[Site "Azuqueca de Henares ESP"]
[Date "2014.09.21"]
[Round "9.4"]
[White "Gomez Ledo, Roberto Carlos"]
[Black "Elissalt Cardenas, Hector"]
[Result "1/2-1/2"]
[WhiteElo "2403"]
[BlackElo "2334"]
[PlyCount "35"]
[EventDate "2014.09.13"]
[EventType "swiss"]
[EventRounds "9"]
[EventCountry "ESP"]
[Source "lmi"]
[SourceDate "2014.09.13"]

1. d4 Nf6 2. Nf3 e6 3. e3 b6 4. Bd3 Bb7 5. O-O c5 6. b3 Be7 7. Bb2 cxd4 8. exd4
d6 9. Re1 O-O 10. Nbd2 Nbd7 11. Nf1 Qc7 12. Ng3 Rfe8 13. c4 Bf8 14. Rc1 Rad8
15. Bb1 g6 16. h3 Qb8 17. a3 Qa8 18. Rc3 1/2-1/2

[Event "2. Azuqueca Chess Classic 2014"]
[Site "Azuqueca de Henares ESP"]
[Date "2014.09.21"]
[Round "9.5"]
[White "Martin Duque, Jesus"]
[Black "Prieto Martin, Alfonso"]
[Result "1-0"]
[WhiteElo "2336"]
[BlackElo "2187"]
[PlyCount "35"]
[EventDate "2014.09.13"]
[EventType "swiss"]
[EventRounds "9"]
[EventCountry "ESP"]
[Source "lmi"]
[SourceDate "2014.09.13"]

1. e4 c5 2. Nf3 Nf6 3. e5 Nd5 4. Nc3 e6 5. Nxd5 exd5 6. d4 Nc6 7. dxc5 Bxc5 8.
Qxd5 Qb6 9. Be3 Bxe3 10. fxe3 Qxb2 11. Rd1 Nb4 12. Qd2 Nxa2 13. Bc4 Nc3 14.
Bxf7+ Kxf7 15. e6+ Kg6 16. Ne5+ Kh6 17. e4+ g5 18. Nf7+ 1-0

[Event "2. Azuqueca Chess Classic 2014"]
[Site "Azuqueca de Henares ESP"]
[Date "2014.09.21"]
[Round "9.6"]
[White "Guerrero Vargas, Andres"]
[Black "Cubillo Muñoz, Miguel"]
[Result "0-1"]
[WhiteElo "2303"]
[BlackElo "2048"]
[PlyCount "88"]
[EventDate "2014.09.13"]
[EventType "swiss"]
[EventRounds "9"]
[EventCountry "ESP"]
[Source "lmi"]
[SourceDate "2014.09.13"]

1. Nf3 c5 2. e4 g6 3. d4 cxd4 4. Nxd4 Bg7 5. Nc3 Nc6 6. Be3 Nf6 7. Bc4 Qa5 8.
O-O O-O 9. Nb3 Qc7 10. Re1 d6 11. Bg5 Ne5 12. Bf1 Be6 13. Nd5 Bxd5 14. exd5
Rfe8 15. Bb5 Rec8 16. Rc1 a6 17. Bf1 h6 18. Be3 Nc4 19. Bd4 b5 20. g3 h5 21.
Bg2 Re8 22. h3 Bh6 23. Rb1 Nd7 24. Nc1 Rac8 25. c3 Nc5 26. Re2 Qd7 27. Qc2 Rc7
28. Nb3 Na4 29. Be4 Kh7 30. f4 f5 31. Bf3 e5 32. dxe6 Rxe6 33. Nc1 h4 34. Kf2
hxg3+ 35. Kxg3 Qe7 36. Rxe6 Bxf4+ 37. Kxf4 Qh4+ 38. Bg4 Rf7 39. Rf6 Rxf6 40.
Bxf6 Qxf6 41. Be2 Qh4+ 42. Kf3 Qxh3+ 43. Kf2 Qh2+ 44. Kf3 Nc5 0-1